| 000 | 00738nac a22001571u 4500 | ||
|---|---|---|---|
| 008 | 080828s1970 ua|||||r|||| 001 0dara d | ||
| 082 |
_a162 _bت ا ر |
||
| 245 |
_aمقدمة للمنطق: _bولمنهج البحث فى العلوم الاستدلالية / _cالفرد تارسكى؛ ترجمة عزمي إسلام ؛ مراجعة فؤاد زكريا |
||
| 260 |
_aالقاهرة : _bالهيئة المصرية العامة للتأليف والنشر، 1970 _c1970. |
||
| 300 |
_a335ص؛ _c24سم |
||
| 500 | _aيحتوى على كشاف بالمصطلحات | ||
| 650 |
_aالمنطق الإستدلالي _917595 |
||
| 650 |
_aالاستدلال _916823 |
||
| 650 |
_aالمنطق الصوري _922178 |
||
| 942 |
_cBB _k162ت ا ر _2ddc |
||
| 999 |
_c7432 _d7432 |
||